Podstatné zmeny v oblasti zmluvných investičných vzťahov

Problematika medzinárodných investičných vzťahov, ktoré majú zásadný význam pre slovenskú ekonomiku. Podstatné zmeny v oblasti medzinárodných investičných vzťahov a v oblasti poskytovania pomoci za účelom realizácie investičného zámeru na území Slovenska.

Na minha lista:
Detalhes bibliográficos
Autor principal: Nováčková, Daniela
Outros Autores: Wefersová, Jarmila
Formato: Capítulo de Livro
Idioma:eslovaco
Assuntos:
Tags: Adicionar Tag
Sem tags, seja o primeiro a adicionar uma tag!

MARC

LEADER 00000nla a2200000 4500
001 0219502
005 20240417075107.2
041 0 |a slo 
044 |a SK 
245 1 0 |a Podstatné zmeny v oblasti zmluvných investičných vzťahov  |c Daniela Nováčková, Jarmila Wefersová 
520 |a Problematika medzinárodných investičných vzťahov, ktoré majú zásadný význam pre slovenskú ekonomiku. Podstatné zmeny v oblasti medzinárodných investičných vzťahov a v oblasti poskytovania pomoci za účelom realizácie investičného zámeru na území Slovenska. 
610 2 0 |a zámery investičné 
610 2 0 |a stratégia investičná 
610 2 0 |a vzťahy medzinárodné 
610 2 0 |a investori 
610 2 0 |a investovanie 
100 1 |a Nováčková, Daniela 
700 1 |a Wefersová, Jarmila